Statistics for I WANNA BE YOUR SLAVE - Måneskin - All Lyrics

Click here to take the quiz!

General Stats

  • This quiz has been taken 233 times
  • The average score is 305 of 356

Answer Stats

Answer% Correct
be
100%
I
100%
wanna
100%
ya
100%
you
100%
your
100%
slave,
99%
A
98%
a
98%
Mhm,
98%
uh-huh
98%
Uh-huh
98%
like
96%
master
96%
the
94%
make
93%
roller
93%
And
91%
and
91%
monster
91%
for
90%
heartbeat
89%
I’m
88%
I'm
88%
good
87%
beauty
86%
boy,
86%
'cause
86%
'Cause,
86%
'Cause
86%
‘Cause
86%
could
86%
run
86%
to
86%
gangster
84%
fucking
83%
my
83%
you're
83%
me,
80%
love
79%
redemption
79%
searching
79%
so
79%
devil
78%
coasters
76%
just
76%
who's
76%
that
75%
then
74%
body,
73%
electric
73%
Lisa
73%
Mona
73%
Because
71%
sinner,
71%
touch
71%
motherfucking
69%
not
68%
of
68%
paint
68%
face
67%
hungry,
67%
know
67%
this
67%
too
67%
aesthetic
66%
can
65%
feed
65%
morning,
65%
pathetic
65%
say
65%
scared
65%
that's
65%
bad
64%
crying
64%
lawyer
64%
all
63%
eccentric
63%
killer
63%
since
63%
tears
63%
want
63%
loser
62%
leave
61%
preacher
61%
teacher
61%
David
60%
guy
60%
amuse
59%
baby,
59%
girl
59%
if
59%
puppet
59%
is
58%
champion,
57%
sex
57%
clown
56%
Goliath
55%
I’ll
55%
jealous
55%
use
52%
but
51%
blonde
49%
free
49%
toy,
49%
nervous
48%
freak
47%
set
45%
pull
39%
strings
38%
telecaster
36%
quiet,
35%
1%
evеn
1%

Score Distribution

Percentile by Number Answered

Percent of People with Each Score

Your Score History

You have not taken this quiz